| 000 | 00920cam a22002654a 4500 | ||
|---|---|---|---|
| 001 | 12524281 | ||
| 003 | OSt | ||
| 005 | 20240222160036.0 | ||
| 008 | 010904s2003 njua b 001 0 eng | ||
| 020 | _a0130351334 (paperback) | ||
| 040 |
_aNUST _cNUST _dNUST _beng _erda |
||
| 050 | 0 | 0 | _aHF5415 ARM |
| 100 | 1 |
_aArmstrong, Gary _q(Gary M.) _eAuthor |
|
| 245 | 1 | 0 |
_aMarketing : _ban introduction / _cGary Armstrong, Philip Kotler. |
| 250 | _aSixth edtion | ||
| 260 |
_aUpper Saddle River, NJ : _bPrentice Hall, _c©2003. |
||
| 300 |
_a1 v. (various pagings) : _bcolour illustration ; _c26 cm. + _e1 CD-ROM (4 3/4 in.) |
||
| 336 |
_2rdamedia _atext _btxt |
||
| 337 |
_2rdamedia _aunmediated _bn |
||
| 338 |
_2rdamedia _avolume _bnc |
||
| 504 | _aIncludes bibliographical references and index. | ||
| 650 | 0 | _aMarketing. | |
| 700 | 1 |
_aKotler, Philip. _eAuthor |
|
| 942 |
_2lcc _cBOOKS _eSixth edition _hHF5415 _kHF _mARM _n0 |
||
| 999 |
_c170802 _d170802 |
||